Mystery Taylor Swift Song #70 - Statistics

General Stats
  • This quiz has been taken 373 times
  • The average score is 74 of 94
Answer Stats
Song % Correct
I
99%
you
97%
the
94%
to
94%
And
91%
do
91%
love
91%
your
91%
1989
90%
in
90%
in?
90%
me
90%
when
90%
(all
89%
All
89%
was
89%
had
88%
it
88%
of
88%
(stay)
87%
Stay
87%
stay)
87%
(stay
87%
but
86%
go
86%
is
86%
that
86%
say
84%
want
84%
it's
83%
Then
83%
This
83%
what
83%
don't
82%
have
82%
know
82%
like
82%
too
82%
now
81%
(oh
81%
oh
81%
oh)
81%
ooh
81%
were
81%
All You Had To Do Was Stay
80%
hand
80%
let
80%
out
80%
are
79%
been
79%
palm
79%
they
79%
wanna
79%
back
78%
not
78%
us
78%
just
77%
away
74%
late
74%
off
74%
up
74%
why'd
74%
Hey
73%
wanted
73%
always
72%
could've
72%
gave
72%
I've
72%
lock
72%
think
72%
you've
71%
easy
70%
about
69%
more
69%
People
69%
made
68%
road
68%
believe
67%
Here
67%
changed
66%
drove
66%
forever
66%
less
66%
gone
65%
goodbye
65%
aside
64%
pushed
64%
Well
64%
mess
63%
picking
63%
pieces
63%
calling
61%
remind
59%
ended
57%
No matching quizzes found
Score Distribution
Percent of People with Each Score
Percentile by Number Answered
Your Score History
You have not taken this quiz